[Event "PRO League Stage"]
[Site "Chess.com INT"]
[Date "2019.02.20"]
[Round "7"]
[White "Bhat, Vinay S"]
[Black "Robson, Ray"]
[Result "0-1"]
[WhiteElo "2519"]
[BlackElo "2667"]
[PlyCount "160"]
[EventDate "2019.01.08"]
[EventType "team-swiss (rapid)"]
[EventRounds "10"]
[EventCountry "USA"]
[SourceTitle "CBM 189 Extra"]
[Source "ChessBase"]
[SourceDate "2019.05.31"]
[SourceVersion "1"]
[SourceVersionDate "2019.05.31"]
[SourceQuality "1"]
[WhiteTeam "San Francisco Mechanics"]
[BlackTeam "Webster Windmills"]
[WhiteTeamCountry "USA"]
[BlackTeamCountry "USA"]

1. d4 d5 2. c4 c6 3. Nc3 Nf6 4. e3 e6 5. Nf3 Nbd7 6. b3 Bd6 7. Bb2 0-0 8. Be2 b6 9. 0-0 Bb7 10. Qc2 Qe7 11. Rad1 Rac8 12. Rfe1 h6 13. Bf1 Ba3 14. Ba1 Bb4 15. Bb2 c5 16. a3 Bxc3 17. Qxc3 dxc4 18. bxc4 Bxf3 19. gxf3 cxd4 20. exd4 Qd6 21. Qe3 Rfe8 22. a4 Nf8 23. a5 Ng6 24. axb6 axb6 25. Rc1 Nh4 26. Red1 Red8 27. Be2 Nh5 28. Bf1 Qf4 29. Be2 Qf5 30. Kh1 Nf4 31. Bf1 Nh3 32. Rc3 Ng5 33. Be2 Ra8 34. Rg1 Ra2 35. Rb3 Qc2 36. Bd1 Qxc4 37. f4 Qd5+ 38. f3 Ngxf3 39. Bxf3 Nxf3 40. Qxf3 Qxf3+ 41. Rxf3 Rxb2 42. Rd3 Rb4 43. Rgd1 Rd5 44. Kg2 Rc4 45. Kf3 b5 46. Ke3 g6 47. Ra1 b4 48. Ra7 Kg7 49. Rb7 Rh5 50. Rd2 Rc3+ 51. Ke4 Rd5 52. Rd3 Rxd3 53. Kxd3 Rh5 54. Rxb4 Rxh2 55. Ke3 Rh3+ 56. Kf2 g5 57. fxg5 hxg5 58. Rb5 Kg6 59. Rb8 Rd3 60. Rd8 Kf5 61. Rd7 f6 62. Rd6 g4 63. Ke2 g3 64. Rd8 Ra3 65. Re8 Kf4 66. Rxe6 Ra2+ 67. Kf1 f5 68. Rb6 Rd2 69. Rb4 Kf3 70. Rb3+ Kg4 71. Rb4 f4 72. d5 Rxd5 73. Ke2 Re5+ 74. Kf1 Ra5 75. Rb8 Ra1+ 76. Ke2 f3+ 77. Ke3 Re1+ 78. Kd2 f2 79. Rg8+ Kh3 80. Rh8+ Kg2 0-1

[Event "PRO League Stage"]
[Site "Chess.com INT"]
[Date "2019.02.20"]
[Round "7"]
[White "Bhat, Vinay S"]
[Black "Shevchenko, Kirill"]
[Result "1-0"]
[WhiteElo "2519"]
[BlackElo "2539"]
[PlyCount "91"]
[EventDate "2019.01.08"]
[EventType "team-swiss (rapid)"]
[EventRounds "10"]
[EventCountry "USA"]
[SourceTitle "CBM 189 Extra"]
[Source "ChessBase"]
[SourceDate "2019.05.31"]
[SourceVersion "1"]
[SourceVersionDate "2019.05.31"]
[SourceQuality "1"]
[WhiteTeam "San Francisco Mechanics"]
[BlackTeam "Australia Kangaroos"]
[WhiteTeamCountry "USA"]
[BlackTeamCountry "AUS"]

1. d4 Nf6 2. c4 g6 3. Nc3 d5 4. Bg5 Bg7 5. e3 c5 6. dxc5 Qa5 7. Bxf6 Bxf6 8. Rc1 Na6 9. cxd5 Nxc5 10. Bb5+ Kf8 11. Nge2 Ne4 12. Qa4 Qxa4 13. Bxa4 Bf5 14. Bc2 Nxc3 15. bxc3 Bd7 16. c4 Rc8 17. Bd3 Kg7 18. Kd2 Rc5 19. Nd4 Rhc8 20. Nb3 R5c7 21. Rc2 b6 22. Rhc1 e6 23. f4 Be7 24. e4 Ba3 25. Rb1 Bb4+ 26. Ke2 exd5 27. exd5 Bd6 28. Kf3 h5 29. h3 b5 30. Rbc1 Ba3 31. c5 Bxc1 32. c6 Ba3 33. Bxb5 Bf5 34. Re2 Re7 35. Rd2 Bb4 36. Rd4 Bc3 37. Rc4 Bd3 38. Rxc3 Bxb5 39. Nd4 a6 40. d6 Ree8 41. d7 Red8 42. dxc8Q Rxc8 43. Nxb5 axb5 44. Ke4 Kf6 45. Kd5 b4 46. Rc4 1-0

[Event "PRO League Stage"]
[Site "Chess.com INT"]
[Date "2019.02.20"]
[Round "7"]
[White "Wang, Yue"]
[Black "Bhat, Vinay S"]
[Result "1-0"]
[WhiteElo "2684"]
[BlackElo "2519"]
[PlyCount "63"]
[EventDate "2019.01.08"]
[EventType "team-swiss (rapid)"]
[EventRounds "10"]
[EventCountry "USA"]
[SourceTitle "CBM 189 Extra"]
[Source "ChessBase"]
[SourceDate "2019.05.31"]
[SourceVersion "1"]
[SourceVersionDate "2019.05.31"]
[SourceQuality "1"]
[WhiteTeam "Chengdu Pandas"]
[BlackTeam "San Francisco Mechanics"]
[WhiteTeamCountry "CHN"]
[BlackTeamCountry "USA"]

1. Nf3 d5 2. d4 Nf6 3. c4 c6 4. Qb3 dxc4 5. Qxc4 Bg4 6. Nc3 Nbd7 7. Bf4 Qb6 8. 0-0-0 e6 9. Ne5 Bh5 10. f3 Nxe5 11. Bxe5 Nd5 12. Nxd5 exd5 13. Qc2 f6 14. Bg3 Be7 15. e4 0-0 16. Bd3 Rac8 17. Kb1 h6 18. Rhe1 Bb4 19. Re2 c5 20. exd5 cxd4 21. Qb3 Bf7 22. a3 Bc5 23. Qxb6 Bxb6 24. d6 Rcd8 25. Re7 Bc5 26. Rc1 b6 27. Rxa7 Bxd6 28. Bxd6 Rxd6 29. Rcc7 f5 30. Bc4 Rf6 31. Kc2 d3+ 32. Kd2 1-0

[Event "PRO League Stage"]
[Site "Chess.com INT"]
[Date "2019.01.08"]
[Round "1"]
[White "Bhat, Vinay S"]
[Black "Ke, Ivan"]
[Result "1/2-1/2"]
[WhiteElo "2519"]
[BlackElo "2251"]
[PlyCount "107"]
[EventDate "2019.01.08"]
[EventType "team-swiss (rapid)"]
[EventRounds "10"]
[EventCountry "USA"]
[SourceTitle "CBM 188 Extra"]
[Source "ChessBase"]
[SourceDate "2019.02.28"]
[SourceVersion "1"]
[SourceVersionDate "2019.02.28"]
[SourceQuality "1"]
[WhiteTeam "San Francisco Mechanics"]
[BlackTeam "San Jose Hackers"]
[WhiteTeamCountry "USA"]
[BlackTeamCountry "USA"]

1. d4 d5 2. c4 e6 3. Nc3 Be7 4. cxd5 exd5 5. Bf4 Nf6 6. e3 0-0 7. Bd3 c5 8. Nge2 Nc6 9. 0-0 cxd4 10. exd4 Bg4 11. Qb3 Nb4 12. Bb1 Qd7 13. Ng3 a5 14. f3 Be6 15. a3 Nc6 16. Qd1 Rfc8 17. Be3 Ne8 18. Qd3 g6 19. Ba2 Bf6 20. Nge2 Ne7 21. Nf4 Nd6 22. Nxe6 fxe6 23. Bf2 Nc4 24. Qe2 Kf7 25. Ne4 dxe4 26. fxe4 b5 27. Bh4 Nf5 28. exf5 exf5 29. Bxf6 Kxf6 30. Rad1 Qd5 31. a4 Re8 32. Qd3 Qd6 33. Bxc4 bxc4 34. Qxc4 Re4 35. Rfe1 Rae8 36. Rxe4 Rxe4 37. Qc3 Qd5 38. Qd3 Re6 39. h3 h5 40. Rd2 h4 41. Qf3 Re4 42. Qc3 Kg5 43. Kf2 Rf4+ 44. Kg1 Qe4 45. Rd1 Kh5 46. d5 Qe2 47. Rd2 Qe1+ 48. Kh2 Rf1 49. Qh8+ Kg5 50. Qd8+ Kh5 51. Qh8+ Kg5 52. Qd8+ Kf4 53. Qc7+ Kg5 54. Qd8+ 1/2-1/2

[Event "PRO League Pacific"]
[Site "Chess.com INT"]
[Date "2017.01.25"]
[Round "3"]
[White "Bhat, Vinay S"]
[Black "Boros, Denes"]
[Result "1-0"]
[WhiteElo "2519"]
[BlackElo "2444"]
[PlyCount "109"]
[EventDate "2017.01.11"]
[EventType "team-swiss (rapid)"]
[EventRounds "7"]
[EventCountry "USA"]
[SourceTitle "CBM 176 Extra"]
[Source "ChessBase"]
[SourceDate "2017.03.02"]
[SourceVersion "1"]
[SourceVersionDate "2017.03.02"]
[SourceQuality "1"]
[WhiteTeam "San Francisco Mechanics"]
[BlackTeam "Webster Windmills"]
[WhiteTeamCountry "USA"]
[BlackTeamCountry "USA"]

1. d4 c6 2. c4 Nf6 3. Nf3 d5 4. g3 g6 5. Bg2 Bg7 6. 0-0 0-0 7. Qb3 a5 8. Nc3 a4 9. Nxa4 dxc4 10. Qd1 Bg4 11. Nc3 Nbd7 12. h3 Bxf3 13. Bxf3 Qb6 14. e3 e5 15. Be2 exd4 16. exd4 Qa6 17. a4 b5 18. Be3 b4 19. Na2 Qxa4 20. Bxc4 Qa5 21. Bd2 Nd5 22. Nxb4 Qxa1 23. Qxa1 Rxa1 24. Rxa1 N5b6 25. Bb3 Bxd4 26. Nxc6 Bxb2 27. Ra7 Bf6 28. Be3 Rc8 29. Bxb6 Rxc6 30. Bxf7+ Kxf7 31. Rxd7+ Ke6 32. Rb7 h5 33. Kg2 Be7 34. Be3 Kf5 35. Rxe7 Kf6 36. Re4 Rd6 37. g4 hxg4 38. hxg4 Rd5 39. f4 Rd3 40. Kf3 Rb3 41. Ra4 g5 42. Ra6+ Kf7 43. f5 Rb4 44. Bxg5 Rb3+ 45. Kf4 Rb4+ 46. Kg3 Rb3+ 47. Kh4 Kg7 48. Ra7+ Kg8 49. Bf6 Rb6 50. Kg5 Rb4 51. Kh5 Rc4 52. g5 Kf8 53. Kg6 Ke8 54. Ra8+ Kd7 55. Kf7 1-0

[Event "PRO League Pacific"]
[Site "Chess.com INT"]
[Date "2017.01.18"]
[Round "2"]
[White "Kavutskiy, Konstantin"]
[Black "Bhat, Vinay S"]
[Result "0-1"]
[WhiteElo "2377"]
[BlackElo "2519"]
[PlyCount "54"]
[EventDate "2017.01.11"]
[EventType "team-swiss (rapid)"]
[EventRounds "7"]
[EventCountry "USA"]
[SourceTitle "CBM 176 Extra"]
[Source "ChessBase"]
[SourceDate "2017.03.02"]
[SourceVersion "1"]
[SourceVersionDate "2017.03.02"]
[SourceQuality "1"]
[WhiteTeam "San Jose Hackers"]
[BlackTeam "San Francisco Mechanics"]
[WhiteTeamCountry "USA"]
[BlackTeamCountry "USA"]

1. d4 d5 2. c4 c6 3. Nf3 Nf6 4. e3 e6 5. Nc3 Nbd7 6. Qc2 b6 7. b3 Bb7 8. Bb2 Bd6 9. Bd3 0-0 10. 0-0 Rc8 11. Rad1 Qe7 12. Qe2 Rfe8 13. h3 c5 14. cxd5 exd5 15. Ba6 Bxa6 16. Qxa6 Nb8 17. Qb5 Red8 18. Rfe1 Nbd7 19. Qa6 Bb8 20. Nb5 Nf8 21. Ne5 Ne4 22. Nc3 Nxc3 23. Bxc3 cxd4 24. exd4 Rxc3 25. Nc6 Qd6 26. Nxd8 Qh2+ 27. Kf1 Rc2 0-1

[Event "PRO League Pacific"]
[Site "Chess.com INT"]
[Date "2017.01.11"]
[Round "1"]
[White "Bhat, Vinay S"]
[Black "Xu, Grant"]
[Result "1-0"]
[WhiteElo "2519"]
[BlackElo "2193"]
[PlyCount "67"]
[EventDate "2017.01.11"]
[EventType "team-swiss (rapid)"]
[EventRounds "7"]
[EventCountry "USA"]
[SourceTitle "CBM 176 Extra"]
[Source "ChessBase"]
[SourceDate "2017.03.02"]
[SourceVersion "1"]
[SourceVersionDate "2017.03.02"]
[SourceQuality "1"]
[WhiteTeam "San Francisco Mechanics"]
[BlackTeam "Pittsburgh Pawngrabbers"]
[WhiteTeamCountry "USA"]
[BlackTeamCountry "USA"]

1. d4 Nf6 2. c4 e6 3. Nf3 a6 4. Nc3 Bb4 5. Qc2 0-0 6. e4 Bxc3+ 7. bxc3 d6 8. Bg5 h6 9. Bh4 e5 10. Bd3 Nc6 11. h3 Re8 12. 0-0 g5 13. Bg3 exd4 14. Nxd4 Ne5 15. Be2 c5 16. Nf5 Bxf5 17. exf5 Qc7 18. f4 Nc6 19. Bf3 Rad8 20. fxg5 hxg5 21. Qd2 Nh7 22. f6 Ne5 23. Bd5 Kh8 24. Rab1 Rb8 25. Rf5 Rg8 26. Qe2 Qd7 27. Rbf1 Ng6 28. Qh5 Qe8 29. Re1 Qd7 30. Rxg5 Ne5 31. Rg7 Rxg7 32. fxg7+ Kg8 33. Bxe5 dxe5 34. Rf1 1-0

[Event "USA tt Wildcard"]
[Site "ICC INT"]
[Date "2015.11.04"]
[Round "1"]
[White "Bhat, Vinay S"]
[Black "Feng, Roland"]
[Result "1-0"]
[WhiteElo "2519"]
[BlackElo "2327"]
[PlyCount "91"]
[EventDate "2015.11.04"]
[EventType "team"]
[EventRounds "1"]
[EventCountry "USA"]
[SourceTitle "CBM 169 Extra"]
[Source "ChessBase"]
[SourceDate "2015.12.18"]
[SourceVersion "1"]
[SourceVersionDate "2015.12.18"]
[SourceQuality "1"]
[WhiteTeam "San Francisco"]
[BlackTeam "Seattle"]
[WhiteTeamCountry "USA"]
[BlackTeamCountry "USA"]

1. d4 Nf6 2. c4 e6 3. Nf3 Bb4+ 4. Nbd2 b6 5. a3 Bxd2+ 6. Qxd2 Bb7 7. e3 0-0 8. Be2 d6 9. 0-0 Nbd7 10. b4 Ne4 11. Qc2 f5 12. Bb2 Qe7 13. d5 e5 14. Ne1 g6 15. Nd3 b5 16. f3 bxc4 17. Nxe5 c3 18. Nxd7 cxb2 19. Qxb2 Qxd7 20. fxe4 fxe4 21. Qd4 Qg7 22. Qc4 h5 23. Rac1 Rxf1+ 24. Rxf1 Rf8 25. Qxe4 Rxf1+ 26. Bxf1 Qf7 27. Bc4 Bc8 28. Qd4 a6 29. h3 Kh7 30. a4 Qe8 31. a5 Kh6 32. Bd3 Kh7 33. Kf2 Qf7+ 34. Ke2 Bb7 35. e4 Qe7 36. Kf1 Qf7+ 37. Ke2 Qe7 38. Kd1 c6 39. Qa7 Qg7 40. dxc6 Qa1+ 41. Kd2 Qb2+ 42. Bc2 Qxb4+ 43. Kd1 Kh6 44. cxb7 Qxa5 45. b8Q Qa1+ 46. Ke2 1-0

[Event "USA tt"]
[Site "ICC INT"]
[Date "2014.10.15"]
[Round "8"]
[White "Xiong, Jeffery"]
[Black "Bhat, Vinay S"]
[Result "1-0"]
[WhiteElo "2442"]
[BlackElo "2511"]
[PlyCount "75"]
[EventDate "2014.08.26"]
[EventType "team-tourn"]
[EventRounds "10"]
[EventCountry "USA"]
[SourceTitle "EXT 2015"]
[Source "ChessBase"]
[SourceDate "2014.11.20"]
[SourceVersion "1"]
[SourceVersionDate "2014.11.20"]
[SourceQuality "1"]
[WhiteTeam "Dallas"]
[BlackTeam "San Francisco"]
[WhiteTeamCountry "USA"]
[BlackTeamCountry "USA"]

1. e4 e6 2. d4 d5 3. Nd2 Nf6 4. e5 Nfd7 5. Bd3 c5 6. c3 Nc6 7. Ne2 cxd4 8. cxd4 f6 9. exf6 Nxf6 10. 0-0 Bd6 11. Nf3 Qc7 12. Nc3 a6 13. Be3 0-0 14. Rc1 Bd7 15. h3 Rae8 16. Na4 Qd8 17. Nc5 Bc8 18. Nxa6 e5 19. dxe5 Nxe5 20. Nc5 Nfg4 21. Ng5 h6 22. hxg4 Nxg4 23. Nxb7 Bh2+ 24. Kh1 Qd7 25. Nc5 Qd6 26. Nce4 Qb8 27. Qb3 Qxb3 28. axb3 dxe4 29. Bc4+ Kh8 30. Nf7+ Kh7 31. Bc5 Bf4 32. Rc3 Rxf7 33. Bxf7 Rd8 34. f3 Nf6 35. Be7 Rd7 36. Bxf6 Rxf7 37. Rxc8 gxf6 38. Rc4 1-0

[Event "USA tt"]
[Site "ICC INT"]
[Date "2014.10.07"]
[Round "7"]
[White "Paragua, Mark"]
[Black "Bhat, Vinay S"]
[Result "1/2-1/2"]
[WhiteElo "2487"]
[BlackElo "2511"]
[PlyCount "118"]
[EventDate "2014.08.26"]
[EventType "team-tourn"]
[EventRounds "10"]
[EventCountry "USA"]
[SourceTitle "CBM 162 Extra"]
[Source "ChessBase"]
[SourceDate "2014.10.17"]
[SourceVersion "1"]
[SourceVersionDate "2014.10.17"]
[SourceQuality "1"]
[WhiteTeam "Connecticut"]
[BlackTeam "San Francisco"]
[WhiteTeamCountry "USA"]
[BlackTeamCountry "USA"]

1. d4 d5 2. c4 e6 3. Nf3 Nf6 4. Nc3 Be7 5. Bg5 h6 6. Bxf6 Bxf6 7. Qb3 c6 8. e3 0-0 9. h4 g6 10. 0-0-0 a5 11. h5 g5 12. Ne5 a4 13. Qc2 a3 14. b3 c5 15. cxd5 cxd4 16. exd4 exd5 17. Nxd5 Bg7 18. Nc3 Nd7 19. Bc4 Qf6 20. Nd5 Qd6 21. Rhe1 Kh8 22. Nc3 Nxe5 23. dxe5 Qc6 24. Rd6 Qxg2 25. Nd5 Qh3 26. Ne7 Bg4 27. e6 Rae8 28. Rd7 b5 29. Bf1 Qxh5 30. exf7 Bxd7 31. fxe8Q Rxe8 32. Bd3 Qf3 33. Ng6+ Kg8 34. Rxe8+ Bxe8 35. Ne7+ Kf7 36. Bg6+ Kxe7 37. Qc5+ Kd8 38. Qb6+ Kc8 39. Qa6+ Kd8 40. Qb6+ Kc8 41. Qa6+ Qb7 42. Qxb7+ Kxb7 43. Bxe8 b4 44. Kd2 Kc7 45. Kd3 Kd6 46. Ke4 Ke6 47. Bh5 Bc3 48. f3 Kf6 49. Be8 Ke6 50. Bh5 Be1 51. Bg4+ Kf6 52. Bh5 Bd2 53. Be8 Be1 54. Bh5 Bc3 55. Be8 Ke7 56. Bh5 Kf6 57. Be8 Ke7 58. Bh5 Kf6 59. Be8 Ke7 1/2-1/2

[Event "USA tt"]
[Site "ICC INT"]
[Date "2013.10.09"]
[Round "7"]
[White "Perelshteyn, Eugene"]
[Black "Bhat, Vinay S"]
[Result "1/2-1/2"]
[WhiteElo "2495"]
[BlackElo "2511"]
[PlyCount "81"]
[EventDate "2013.08.27"]
[EventType "team-tourn"]
[EventRounds "10"]
[EventCountry "USA"]
[SourceTitle "CBM 156 Extra"]
[Source "ChessBase"]
[SourceDate "2013.10.22"]
[SourceVersion "1"]
[SourceVersionDate "2013.10.22"]
[SourceQuality "1"]
[WhiteTeam "Boston"]
[BlackTeam "San Francisco"]
[WhiteTeamCountry "USA"]
[BlackTeamCountry "USA"]

1. e4 e6 2. d4 d5 3. Nc3 Bb4 4. exd5 exd5 5. Bd3 Nc6 6. Nge2 Nge7 7. a3 Bxc3+ 8. bxc3 Bf5 9. Ng3 Bxd3 10. cxd3 0-0 11. 0-0 Qd7 12. Ra2 Rfe8 13. f4 f5 14. Kh1 b6 15. Ne2 Nd8 16. Ng1 c5 17. Nf3 Nec6 18. h3 Ne6 19. Be3 Rac8 20. Qd2 Qb7 21. a4 h6 22. Raa1 Qa6 23. Rfb1 Rcd8 24. Bf2 Kh7 25. dxc5 bxc5 26. Rb5 d4 27. cxd4 Ncxd4 28. Bxd4 Nxd4 29. Nxd4 Rxd4 30. Rxc5 Rxd3 31. Qc2 Re2 32. Rc6 Rxc2 33. Rxa6 Rdd2 34. Rg1 Rd7 35. Ra5 Rc4 36. Rf1 Rdd4 37. Rxf5 Rxa4 38. Rf7 Kg8 39. Rb7 Rxf4 40. Rxf4 Rxf4 41. Rxa7 1/2-1/2

[Event "USA tt"]
[Site "ICC INT"]
[Date "2013.09.25"]
[Round "5"]
[White "Gareyev, Timur"]
[Black "Bhat, Vinay S"]
[Result "1/2-1/2"]
[WhiteElo "2676"]
[BlackElo "2511"]
[PlyCount "65"]
[EventDate "2013.08.27"]
[EventType "team-tourn"]
[EventRounds "10"]
[EventCountry "USA"]
[SourceTitle "CBM 156 Extra"]
[Source "ChessBase"]
[SourceDate "2013.10.22"]
[SourceVersion "1"]
[SourceVersionDate "2013.10.22"]
[SourceQuality "1"]
[WhiteTeam "Seattle"]
[BlackTeam "San Francisco"]
[WhiteTeamCountry "USA"]
[BlackTeamCountry "USA"]

1. d4 d5 2. c4 e6 3. Nc3 c6 4. Nf3 Nf6 5. Qd3 dxc4 6. Qxc4 b5 7. Qd3 Nbd7 8. g3 Bb7 9. Bg2 a6 10. Ng5 Be7 11. 0-0 Nd5 12. Nge4 0-0 13. Rd1 h6 14. a3 a5 15. Bf4 Nxf4 16. gxf4 Qb8 17. e3 Rd8 18. Qc2 Qa7 19. Ng3 Qb6 20. f5 e5 21. dxe5 Nxe5 22. Qe4 f6 23. Rxd8+ Qxd8 24. Rd1 Qc7 25. Nxb5 cxb5 26. Qxb7 Qxb7 27. Bxb7 Rd8 28. Bd5+ Kh7 29. e4 Rc8 30. f4 Ng4 31. Re1 Bd6 32. e5 fxe5 33. Ne4 1/2-1/2

[Event "USA tt"]
[Site "ICC INT"]
[Date "2013.09.18"]
[Round "4"]
[White "Bhat, Vinay S"]
[Black "Charbonneau, Pascal"]
[Result "1/2-1/2"]
[WhiteElo "2511"]
[BlackElo "2505"]
[PlyCount "98"]
[EventDate "2013.08.27"]
[EventType "team-tourn"]
[EventRounds "10"]
[EventCountry "USA"]
[SourceTitle "CBM 156 Extra"]
[Source "ChessBase"]
[SourceDate "2013.10.22"]
[SourceVersion "1"]
[SourceVersionDate "2013.10.22"]
[SourceQuality "1"]
[WhiteTeam "San Francisco"]
[BlackTeam "New York"]
[WhiteTeamCountry "USA"]
[BlackTeamCountry "USA"]

1. d4 Nf6 2. c4 e6 3. Nf3 d5 4. Nc3 Be7 5. Bf4 0-0 6. e3 Nbd7 7. Qc2 c5 8. dxc5 Nxc5 9. Be2 dxc4 10. Bxc4 a6 11. a4 b6 12. 0-0 Bb7 13. Ne5 Rc8 14. Rfd1 Qe8 15. Qe2 Rd8 16. b4 Rxd1+ 17. Nxd1 Ncd7 18. Bxa6 Bxa6 19. Qxa6 Bxb4 20. Nc6 Bc5 21. Nc3 e5 22. Bg3 Qe6 23. Qb7 Qb3 24. Nb5 Qb2 25. Rf1 Qc2 26. Nxe5 Nxe5 27. Bxe5 Qxa4 28. Nc3 Qd7 29. Qf3 Be7 30. Bxf6 Bxf6 31. Nd5 Be5 32. g3 b5 33. Rb1 Rd8 34. e4 h6 35. Qb3 Rb8 36. Kg2 Kh8 37. Qb4 Qe6 38. Qb3 Bd6 39. Qd3 b4 40. Rb3 Qe5 41. Ne3 Be7 42. Nd5 Bf8 43. Qf3 Qe6 44. Qd3 Re8 45. Nxb4 Rb8 46. Nd5 Rxb3 47. Qxb3 Qxe4+ 48. Qf3 Qxf3+ 49. Kxf3 Bc5 1/2-1/2

[Event "Imre Konig Memorial 3rd"]
[Site "San Francisco"]
[Date "2012.09.22"]
[Round "3"]
[White "Bhat, Vinay S"]
[Black "Browne, Walter Shawn"]
[Result "1/2-1/2"]
[WhiteElo "2511"]
[BlackElo "2449"]
[PlyCount "82"]
[EventDate "2012.09.22"]
[EventType "tourn (rapid)"]
[EventRounds "7"]
[EventCountry "USA"]
[SourceTitle "CBM 150 Extra"]
[Source "ChessBase"]
[SourceDate "2012.10.19"]
[SourceVersion "1"]
[SourceVersionDate "2012.10.19"]
[SourceQuality "1"]

1. d4 Nf6 2. c4 e6 3. Nc3 Bb4 4. Bg5 h6 5. Bh4 c5 6. d5 d6 7. f3 Qe7 8. e4 Bxc3+ 9. bxc3 Nbd7 10. Bd3 Ne5 11. Ne2 Nxd3+ 12. Qxd3 e5 13. Bf2 Nh5 14. h4 0-0 15. Qe3 b6 16. g4 Nf4 17. Nxf4 exf4 18. Qxf4 Ba6 19. Kd2 Bxc4 20. Bg3 Rad8 21. g5 h5 22. Qf5 Qd7 23. Qxd7 Rxd7 24. Rh2 f5 25. gxf6 Rxf6 26. Rf2 Rdf7 27. Ke3 Re7 28. Rd1 Ref7 29. e5 Rg6 30. e6 Rf5 31. Ke4 Rxd5 32. Rxd5 Rxe6+ 33. Re5 dxe5 34. Bxe5 Bd3+ 35. Kd5 Rg6 36. Bb8 a6 37. Bc7 c4 38. a4 Rg1 39. Bxb6 Rh1 40. Bd8 Rd1 41. Kc5 Rb1 1/2-1/2

[Event "Imre Konig Memorial 3rd"]
[Site "San Francisco"]
[Date "2012.09.22"]
[Round "1"]
[White "Bhat, Vinay S"]
[Black "De Firmian, Nick E"]
[Result "1-0"]
[WhiteElo "2511"]
[BlackElo "2510"]
[PlyCount "117"]
[EventDate "2012.09.22"]
[EventType "tourn (rapid)"]
[EventRounds "7"]
[EventCountry "USA"]
[SourceTitle "CBM 150 Extra"]
[Source "ChessBase"]
[SourceDate "2012.10.19"]
[SourceVersion "1"]
[SourceVersionDate "2012.10.19"]
[SourceQuality "1"]

1. d4 Nf6 2. c4 e6 3. Nf3 c5 4. d5 exd5 5. cxd5 d6 6. Nc3 a6 7. a4 g6 8. Nd2 Nbd7 9. e4 Bg7 10. Nc4 Nb6 11. Ne3 0-0 12. Bd3 Re8 13. 0-0 Qc7 14. Bd2 c4 15. Bc2 Bd7 16. f4 Nxa4 17. Nxa4 b5 18. Nc3 b4 19. Qf3 Qc5 20. Rae1 bxc3 21. Bxc3 Ng4 22. Kh1 Bxc3 23. bxc3 Nxe3 24. Rxe3 Rab8 25. f5 Bxf5 26. Re2 Be6 27. dxe6 fxe6 28. Qf7+ Kh8 29. Qf6+ Kg8 30. e5 Rf8 31. Qxe6+ Kg7 32. Rfe1 dxe5 33. Qxe5+ Qxe5 34. Rxe5 Rb2 35. R5e2 a5 36. h3 Ra2 37. Be4 Ra3 38. Rc1 Rd8 39. Bf3 Rd3 40. Rec2 Re3 41. Bd5 Ra4 42. Kg1 Rd3 43. Bc6 Ra3 44. Bb5 Rd5 45. Bxc4 Rc5 46. Ra2 Rxa2 47. Bxa2 Kf6 48. Kf2 Ke7 49. Ke3 Kd6 50. c4 Rg5 51. g4 Re5+ 52. Kd4 Re2 53. c5+ Kc7 54. Bd5 Rd2+ 55. Ke5 Rh2 56. Rb1 Rxh3 57. Rb7+ Kc8 58. Kd6 h5 59. Ra7 1-0

[Event "USA tt playoff"]
[Site "ICC INT"]
[Date "2011.11.07"]
[Round "1"]
[White "Amanov, Zhanibek"]
[Black "Bhat, Vinay S"]
[Result "1-0"]
[WhiteElo "2411"]
[BlackElo "2511"]
[PlyCount "131"]
[EventDate "2011.11.07"]
[EventType "team-tourn"]
[EventRounds "3"]
[EventCountry "USA"]
[SourceTitle "EXT 2012"]
[Source "ChessBase"]
[SourceDate "2011.11.24"]
[SourceVersion "1"]
[SourceVersionDate "2011.11.24"]
[SourceQuality "1"]
[WhiteTeam "Los Angeles"]
[BlackTeam "San Francisco"]
[WhiteTeamCountry "USA"]
[BlackTeamCountry "USA"]

1. c4 c6 2. Nf3 d5 3. g3 Nf6 4. Bg2 g6 5. b3 Bg7 6. Bb2 0-0 7. d3 Bg4 8. Nbd2 Nbd7 9. 0-0 Re8 10. h3 Bxf3 11. Nxf3 Qb6 12. Qc2 a5 13. Rab1 e5 14. e3 Rad8 15. Bc3 c5 16. Rfe1 Qa6 17. a3 b6 18. cxd5 Nxd5 19. Bb2 Qc8 20. Rbd1 Nf8 21. Qb1 Qc7 22. Qa1 f6 23. Nd2 Qf7 24. Nc4 Qc7 25. d4 exd4 26. exd4 Rxe1+ 27. Rxe1 cxd4 28. Bxd4 b5 29. Ne3 Nxe3 30. Rxe3 Rd6 31. Re1 h5 32. h4 Qf7 33. Qc3 Ne6 34. Be3 a4 35. bxa4 bxa4 36. Qc4 Nd4 37. Qxa4 f5 38. Bf4 Rd7 39. Qa6 Kh7 40. Bg5 Nc2 41. Re2 Nd4 42. Re3 Ra7 43. Qd6 Rd7 44. Qb6 Nc2 45. Rb3 Nd4 46. Rb1 f4 47. gxf4 Ne2+ 48. Kh1 Nxf4 49. Be4 Nd3 50. Be3 Ne5 51. Rg1 Bf6 52. Qb5 Kg7 53. f3 Re7 54. Bd4 Ng4 55. Qb2 Ne5 56. a4 Re6 57. Bd5 Nxf3 58. Bxf3 Kh7 59. Bxf6 Rxf6 60. Be4 Qe7 61. Qg2 Re6 62. Bxg6+ Kh6 63. Qg5+ Qxg5 64. Rxg5 Re1+ 65. Kg2 Ra1 66. Be8 1-0

[Event "USA tt"]
[Site "ICC INT"]
[Date "2011.09.19"]
[Round "4"]
[White "Becerra Rivero, Julio"]
[Black "Bhat, Vinay S"]
[Result "1-0"]
[WhiteElo "2556"]
[BlackElo "2511"]
[PlyCount "109"]
[EventDate "2011.08.29"]
[EventType "team-tourn"]
[EventRounds "10"]
[EventCountry "USA"]
[SourceTitle "CBM 144 Extra"]
[Source "ChessBase"]
[SourceDate "2011.10.28"]
[SourceVersion "1"]
[SourceVersionDate "2011.10.28"]
[SourceQuality "1"]
[WhiteTeam "Miami"]
[BlackTeam "San Francisco"]
[WhiteTeamCountry "USA"]
[BlackTeamCountry "USA"]

1. e4 e6 2. d4 d5 3. Nc3 Nf6 4. Bg5 dxe4 5. Nxe4 Nbd7 6. Nf3 h6 7. Nxf6+ Nxf6 8. Be3 Nd5 9. Bd3 Nxe3 10. fxe3 Bd6 11. e4 c5 12. e5 Be7 13. Qe2 Bd7 14. 0-0-0 Qc7 15. Kb1 0-0-0 16. Rhf1 Bc6 17. Be4 Rd7 18. dxc5 Bxe4 19. Qxe4 Rhd8 20. Rd3 Bxc5 21. a3 Rxd3 22. cxd3 Kb8 23. Rc1 Qb6 24. Ka2 Bf8 25. Qc4 a6 26. d4 Qa5 27. Kb1 Be7 28. Rc3 Ka7 29. h3 Rd7 30. Kc2 Bd8 31. Qc5+ Qxc5 32. dxc5 Kb8 33. Rd3 Kc8 34. b4 Bc7 35. Rxd7 Kxd7 36. Kd3 f6 37. a4 Kc6 38. Kc4 Kd7 39. b5 axb5+ 40. axb5 Ba5 41. b6 h5 42. Kb5 Bc3 43. c6+ Kc8 44. c7 Kd7 45. Kc5 g5 46. g4 hxg4 47. hxg4 Bb2 48. Kc4 Kc8 49. exf6 Bxf6 50. Nd4 Kd7 51. Nxe6 Be7 52. Kd5 Bf6 53. Nc5+ Kc8 54. Ne4 Be7 55. Nc3 1-0